00318nam a22001337a 4500003000400000008004100004020001800045082001600063100002200079245002500101250001100126260003900137300000800176OSt240413b |||||||| |||| 00| 0 eng d a9789381839690 a658.007 DHR aDHIMAN,Anil Kumar aResearch Methodology a1st Ed aNew DelhibAvon Publicationsc2024 a259